Dasafio a la mente : computadoras y educación. /
Guardado en:
| Autor Principal: | |
|---|---|
| Formato: | Libro |
| Publicado: |
Buenos Aires :
Gal pago,
1984
|
| Edición: | 3 |
| Materias: | |
| Etiquetas: |
Agregar Etiqueta
Sin Etiquetas, Sea el primero en etiquetar este registro!
|
| LEADER | 00609nam a22002175a 4500 | ||
|---|---|---|---|
| 001 | CEM.cems004881 | ||
| 005 | 20060217000000.0 | ||
| 008 | 130507s1984##################000#0#####d | ||
| 003 | CEMS | ||
| 082 | 0 | 4 | |a 371.41 |
| 100 | 1 | |a Papert, Seymour | |
| 245 | 1 | 0 | |a Dasafio a la mente : |b computadoras y educación. / |
| 250 | |a 3 | ||
| 260 | |a Buenos Aires : |b Gal pago, |c 1984 | ||
| 300 | |a 255 | ||
| 653 | |a Computacion | ||
| 653 | |a Computacion y enseñanza | ||
| 653 | |a Educacion | ||
| 653 | |a Educacion primaria | ||
| 653 | |a Inteligencia artificial | ||
| 859 | |a CEMS |b BIB. CEMS - 11 de abril |h 371.41 |i P197a3 |p 13171.84 |t Ej.1 | ||
